Представление документа в формате MARC21

Поле Инд. ПП Название Значение
Тип записи a
Библиографический уровень m
001 Контрольный номер 3b450cdc-1b3a-40d8-918d-6e2f54264835
005 Дата корректировки 20250128091652.4
008 Кодируемые данные 991216 d
020 a ISBN 5-900428-30-8
020 a ISBN 0-03-075482-8
040 a Служба первич. каталог. НБ ТвГУ
041 0_ a Код языка текста rus
080 a Индекс УДК 658.14/.15
084 a Индекс другой классификации/Индекс ББК У526-212
a Индекс другой классификации/Индекс ББК У529-93-212
a Индекс другой классификации/Индекс ББК У018.524
090 a Полочн. индекс У526
x Авторский знак Б87
c Каталожный индекс У526-212 + У529-93-212 + У018.524
100 1_ a Автор Бригхем Юджин
245 0_ a Заглавие Финансовый менеджмент
b Продолж. заглавия Полный курс : В 2 т.
c Ответственность Пер. с англ. [В.А. Буровцева и др.]; Под ред. В.В. Ковалева; Ин-т "Открытое о-во"
c Ответственность Ин-т "Открытое о-во"
c Ответственность Открытая кн. - Открытое сознание - Открытое о-во
c Ответственность Высш. шк. экономики
c Ответственность СПбУЭиФ
n Номер части/ раздела Т. 1
260 0_ a Место издания СПб.
b Издательство Экон. шк.
c Дата издания 1998
300 a Объем 497 с.
500 a Примечание Перевод изд.: Intermediate Financial Menagement / Eugene F. Brigham, Louis C. Gapenski.
500 a Примечание НАСТОЯЩИЙ МАТЕРИАЛ (ИНФОРМАЦИЯ) ПРОИЗВЕДЕН, РАСПРОСТРАНЕН И (ИЛИ) НАПРАВЛЕН ИНОСТРАННЫМ АГЕНТОМ ДЖ. СОРОСОМ, ЯВЛЯЮЩИМСЯ УЧРЕДИТЕЛЕМ (ЧЛЕНОМ, УЧАСТНИКОМ, РУКОВОДИТЕЛЕМ ИЛИ ЛИЦОМ, ВХОДЯЩИМ В СОСТАВ ОРГАНА ЛИЦ УКАЗАНЫХ В ЧАСТИ 4 СТАТЬИ 9 ФЕДЕРАЛЬНОГО ЗАКОНА «О КОНТРОЛЕ ЗА ДЕЯТЕЛЬНОСТЬЮ ЛИЦ, НАХОДЯЩИХСЯ ПОД ИНОСТРАННЫМ ВЛИЯНИЕМ») ФОНДА «ОТКРЫТОЕ ОБЩЕСТВО», ВКЛЮЧЕННОГО В РЕЕСТР ИНОСТРАННЫХ АГЕНТОВ
583 a Действие Получение впервые 541 13.10.99
650 04 a Основная рубрика Финансовый менеджмент
650 04 a Основная рубрика Предприятия
x Основная подрубрика Менеджмент
x Основная подрубрика Финансы
650 04 a Основная рубрика Экономическая теория
650 04 a Основная рубрика Инвестиции
650 04 a Основная рубрика Ценные бумаги
653 0_ a Ключевые слова Дивиденды
a Ключевые слова Инвестиции
a Ключевые слова Предприятия
a Ключевые слова Риски
a Ключевые слова Финансовый менеджмент
a Ключевые слова Финансы предприятий
a Ключевые слова Ценные бумаги
a Ключевые слова Экономическая теория
700 1_ a Другие авторы Гапенски Луис
700 1_ a Другие авторы Ковалев В.В.
e Роль лиц ред.
700 1_ a Другие авторы Буровцев В.А.
e Роль лиц пер.
852 41 t Порядковый номер экземпляра 1
p Инвентарный номер 714981
920 a Оператор Петр
952 p 541.99 222.00 1 714981
c Вид литературы К ру
954 a Дата поступления на обработку 19991028